[Event "Titled Tuesday intern op 16th Apr Late"]
[Site "Chess.com INT"]
[Date "2024.04.16"]
[Round "5"]
[White "Olsen, Filip Boe"]
[Black "Troff, Kayden W"]
[Result "0-1"]
[WhiteElo "2440"]
[BlackElo "2487"]
[PlyCount "117"]
[EventDate "2024.04.16"]
[EventType "swiss (blitz)"]
[EventRounds "11"]
[EventCountry "USA"]
[SourceTitle "CB17_2024"]
[SourceDate "2024.04.24"]
[SourceVersion "1"]
[SourceVersionDate "2024.04.24"]
[SourceQuality "1"]

1. d4 Nf6 2. c4 g6 3. Nc3 d5 4. Bf4 Bg7 5. e3 0-0 6. Rc1 c5 7. dxc5 Qa5 8. cxd5 Rd8 9. Bc4 Be6 10. Qa4 Qxa4 11. Nxa4 Nxd5 12. Ne2 Nc6 13. 0-0 Na5 14. Bxd5 Rxd5 15. b4 Nc6 16. a3 Rd3 17. Nec3 Bb3 18. b5 Na5 19. c6 bxc6 20. bxc6 Nxc6 21. Nc5 Rxc3 22. Rxc3 Bxc3 23. Nxb3 Bb2 24. a4 e5 25. Bh6 f6 26. Rb1 Ba3 27. Nd2 Rb8 28. Rxb8+ Nxb8 29. e4 g5 30. h4 gxh4 31. Be3 a6 32. Nf3 Nd7 33. Nxh4 Bc5 34. Bd2 Nb6 35. a5 Nc4 36. Be1 Kf7 37. Kf1 Bd6 38. Ke2 Bc7 39. Nf5 Nxa5 40. Kd3 Nc6 41. Kc4 Ne7 42. Ne3 Ke6 43. Kc5 Bd8 44. Nd5 Nxd5 45. exd5+ Kd7 46. g4 Be7+ 47. Kb6 Bd8+ 48. Kxa6 Kd6 49. Kb5 Kxd5 50. f3 Kd4 51. Bd2 Kd3 52. Bh6 Ke2 53. f4 e4 54. f5 Kf3 55. g5 fxg5 56. Bg7 e3 57. f6 Bxf6 58. Bxf6 e2 59. Bc3 0-1

[Event "Titled Tuesday intern op 16th Apr Late"]
[Site "Chess.com INT"]
[Date "2024.04.16"]
[Round "2"]
[White "Troff, Kayden W"]
[Black "Akhayan, Ruben"]
[Result "1-0"]
[WhiteElo "2487"]
[BlackElo "2260"]
[PlyCount "53"]
[EventDate "2024.04.16"]
[EventType "swiss (blitz)"]
[EventRounds "11"]
[EventCountry "USA"]
[SourceTitle "CB17_2024"]
[SourceDate "2024.04.24"]
[SourceVersion "1"]
[SourceVersionDate "2024.04.24"]
[SourceQuality "1"]

1. d4 Nf6 2. Nf3 g6 3. Bg5 Bg7 4. Nc3 d5 5. Bxf6 Bxf6 6. e4 dxe4 7. Nxe4 Bg7 8. c3 0-0 9. Bc4 b6 10. 0-0 Bb7 11. Re1 Nd7 12. Qb3 c5 13. Nfg5 e6 14. Nxf7 Rxf7 15. Bxe6 cxd4 16. cxd4 Bxe4 17. Bxf7+ Kf8 18. Rxe4 Nf6 19. Re3 Qxd4 20. Rd1 Qg4 21. Be6 Qh5 22. Rf3 Re8 23. Rd5 Rxe6 24. Qb4+ Kg8 25. Rxh5 gxh5 26. Qc4 Kf7 27. Re3 1-0

[Event "Titled Tuesday intern op 16th Apr Late"]
[Site "Chess.com INT"]
[Date "2024.04.16"]
[Round "10"]
[White "Troff, Kayden W"]
[Black "Moskvin, Anatoly"]
[Result "1-0"]
[WhiteElo "2487"]
[BlackElo "2192"]
[PlyCount "51"]
[EventDate "2024.04.16"]
[EventType "swiss (blitz)"]
[EventRounds "11"]
[EventCountry "USA"]
[SourceTitle "CB17_2024"]
[SourceDate "2024.04.24"]
[SourceVersion "1"]
[SourceVersionDate "2024.04.24"]
[SourceQuality "1"]

1. d4 Nf6 2. Nf3 c5 3. dxc5 Na6 4. Be3 e6 5. g3 Nxc5 6. Bg2 d5 7. 0-0 Bd6 8. c4 0-0 9. Nc3 dxc4 10. Nd2 Ng4 11. Nxc4 Nxe3 12. Nxe3 Be7 13. b4 Na6 14. a3 Bf6 15. Qb3 Nc7 16. Rfd1 Qe7 17. Rac1 a5 18. b5 Bxc3 19. Rxc3 a4 20. Qb2 Ra5 21. Rdc1 Rxb5 22. Qc2 Na6 23. Rxc8 Qxa3 24. Rxf8+ Qxf8 25. Qxa4 Qb4 26. Qxb5 1-0

[Event "Titled Tuesday intern op 02nd Apr Late"]
[Site "Chess.com INT"]
[Date "2024.04.02"]
[Round "4"]
[White "Ismagilov, Damir"]
[Black "Troff, Kayden W"]
[Result "0-1"]
[WhiteElo "2143"]
[BlackElo "2487"]
[PlyCount "136"]
[EventDate "2024.04.02"]
[EventType "swiss (blitz)"]
[EventRounds "11"]
[EventCountry "USA"]
[SourceTitle "CB15_2024"]
[SourceDate "2024.04.10"]
[SourceVersion "1"]
[SourceVersionDate "2024.04.10"]
[SourceQuality "1"]

1. d4 Nf6 2. Bf4 g6 3. e3 Bg7 4. h3 0-0 5. Nf3 d6 6. c3 b6 7. Be2 Bb7 8. 0-0 Nbd7 9. Nbd2 Re8 10. Bh2 e5 11. dxe5 Nxe5 12. Nc4 Bxf3 13. gxf3 Nxc4 14. Bxc4 Qd7 15. Kg2 a5 16. a4 Re7 17. Qd3 Qc6 18. Bf4 Qc5 19. Rad1 Nh5 20. Bh2 Qg5+ 21. Kh1 Qh4 22. Bd5 Rf8 23. Kg2 Qxa4 24. f4 Nf6 25. Bf3 Qb3 26. Bg3 Qxb2 27. Bh4 Qb3 28. Rb1 Qe6 29. Rb5 Ree8 30. Rd1 Ne4 31. Rc1 Nc5 32. Qd1 Bf6 33. Bd5 Qe7 34. Bg3 Bh4 35. Bc6 Bxg3 36. Bxe8 Bxf2 37. Bxf7+ Rxf7 38. Kxf2 Qd7 39. Rbb1 Qxh3 40. Qd5 Qf5 41. Qxf5 Rxf5 42. Kf3 Kf7 43. Rh1 h5 44. Rhg1 Nd7 45. e4 Ne5+ 46. Ke3 Nc4+ 47. Kd4 Rc5 48. f5 gxf5 49. exf5 Ne5 50. Rbf1 Rc4+ 51. Kd5 Rxc3 52. f6 Rc5+ 53. Kd4 Ng4 54. Rh1 Nxf6 55. Rh2 Ke6 56. Rhf2 Rd5+ 57. Kc4 Rc5+ 58. Kd4 Ng4 59. Rf7 Rd5+ 60. Kc4 Ne5+ 61. Kc3 Nxf7 62. Re1+ Ne5 63. Rh1 Nc6 64. Re1+ Re5 65. Rg1 Kd5 66. Rg7 Ne7 67. Rg6 Nxg6 68. Kd3 Re4 0-1

[Event "Titled Tuesday intern op 27th Feb Late"]
[Site "Chess.com INT"]
[Date "2024.02.27"]
[Round "9"]
[White "Acosta, Pablo Ismael"]
[Black "Troff, Kayden W"]
[Result "0-1"]
[WhiteElo "2479"]
[BlackElo "2487"]
[PlyCount "76"]
[EventDate "2024.02.27"]
[EventType "swiss (blitz)"]
[EventRounds "11"]
[EventCountry "USA"]
[SourceTitle "CB10_2024"]
[SourceDate "2024.03.06"]
[SourceVersion "1"]
[SourceVersionDate "2024.03.06"]
[SourceQuality "1"]

1. d4 Nf6 2. c4 g6 3. Nc3 d5 4. Nf3 Bg7 5. e3 0-0 6. Be2 c5 7. 0-0 cxd4 8. Nxd4 Nc6 9. Bf3 dxc4 10. Nxc6 bxc6 11. Bxc6 Rb8 12. Qa4 Ng4 13. Rd1 Qc7 14. f4 Be6 15. Bf3 Qc5 16. Ne4 Qb6 17. Qa3 Bxb2 18. Bxb2 Qxb2 19. Qxe7 Nxe3 20. Qh4 Nf5 21. Qg5 h6 22. Qg4 Kg7 23. Re1 Qd4+ 24. Kh1 Ne3 25. Qh4 Nc2 26. Rad1 Qb2 27. Re2 Rfd8 28. Rf1 Bf5 29. Ng3 Bd3 30. f5 Bxe2 31. Bxe2 Qf6 32. Qxc4 Ne3 33. Qf4 Nxf1 34. Ne4 Qxf5 35. Qc1 Qxe4 36. Bxf1 Rb1 37. Qc3+ Kh7 38. Kg1 Rdd1 0-1

[Event "Titled Tuesday intern op 27th Feb Late"]
[Site "Chess.com INT"]
[Date "2024.02.27"]
[Round "4"]
[White "Troff, Kayden W"]
[Black "Caruana, Fabiano"]
[Result "0-1"]
[WhiteElo "2487"]
[BlackElo "2804"]
[PlyCount "88"]
[EventDate "2024.02.27"]
[EventType "swiss (blitz)"]
[EventRounds "11"]
[EventCountry "USA"]
[SourceTitle "CB10_2024"]
[SourceDate "2024.03.06"]
[SourceVersion "1"]
[SourceVersionDate "2024.03.06"]
[SourceQuality "1"]

1. d4 Nf6 2. Nf3 d6 3. Nc3 Bf5 4. g3 g6 5. Bg2 c6 6. 0-0 Bg7 7. Re1 d5 8. Nh4 Be6 9. b3 0-0 10. Bb2 Nbd7 11. e4 dxe4 12. Nxe4 Nxe4 13. Bxe4 Bd5 14. Qe2 e6 15. Rad1 Qa5 16. a3 Rfe8 17. Bd3 c5 18. Bb5 Bc6 19. Bxc6 bxc6 20. c4 cxd4 21. Bxd4 e5 22. Bb2 Qc7 23. Nf3 e4 24. Ng5 Nc5 25. Bxg7 Kxg7 26. Qe3 Qe5 27. Nf3 Qh5 28. Qc3+ Kg8 29. Nh4 Nd3 30. Rf1 Ne5 31. Qe3 g5 32. f4 Ng4 33. Qe2 gxh4 34. h3 Nf6 35. g4 Qc5+ 36. Kh2 e3 37. g5 Ne4 38. Qg4 e2 39. Qxe2 Ng3 40. Qf3 Nxf1+ 41. Rxf1 Qe3 42. Qg4 Qe2+ 43. Qxe2 Rxe2+ 44. Kg1 Rae8 0-1

[Event "Titled Tuesday intern op 27th Feb Late"]
[Site "Chess.com INT"]
[Date "2024.02.27"]
[Round "11"]
[White "Troff, Kayden W"]
[Black "Deac, Bogdan Daniel"]
[Result "0-1"]
[WhiteElo "2487"]
[BlackElo "2690"]
[PlyCount "92"]
[EventDate "2024.02.27"]
[EventType "swiss (blitz)"]
[EventRounds "11"]
[EventCountry "USA"]
[SourceTitle "CB10_2024"]
[SourceDate "2024.03.06"]
[SourceVersion "1"]
[SourceVersionDate "2024.03.06"]
[SourceQuality "1"]

1. d4 d5 2. Nf3 Nf6 3. Bf4 c5 4. e3 Nc6 5. Nc3 cxd4 6. Nxd4 Bg4 7. Nxc6 bxc6 8. Qd4 e6 9. Be5 Bf5 10. Qa4 Qb6 11. Bd3 Bxd3 12. cxd3 Nd7 13. Bd4 c5 14. Be5 Ke7 15. Bg3 Qxb2 16. 0-0 Qxc3 17. Rab1 Nb6 18. Qc6 Rc8 19. Qb7+ Kf6 20. Rxb6 axb6 21. Qxc8 Qxd3 22. h4 Kg6 23. Qe8 h5 24. Re1 c4 25. Qd8 Kh7 26. Qe8 Qf5 27. e4 dxe4 28. Rd1 Bc5 29. Qa4 b5 30. Qc2 e3 31. Qxf5+ exf5 32. fxe3 Bxe3+ 33. Bf2 Bxf2+ 34. Kxf2 Ra8 35. Rd2 c3 36. Rc2 b4 37. Ke3 g6 38. Kd4 Rc8 39. Kd3 f6 40. g3 g5 41. Rf2 c2 42. Rxc2 Rxc2 43. Kxc2 f4 44. Kd3 fxg3 45. hxg5 g2 46. g6+ Kxg6 0-1

[Event "Titled Tuesday intern op 27th Feb Late"]
[Site "Chess.com INT"]
[Date "2024.02.27"]
[Round "6"]
[White "Troff, Kayden W"]
[Black "Dobrikov, Marco"]
[Result "1-0"]
[WhiteElo "2487"]
[BlackElo "2248"]
[PlyCount "60"]
[EventDate "2024.02.27"]
[EventType "swiss (blitz)"]
[EventRounds "11"]
[EventCountry "USA"]
[SourceTitle "CB10_2024"]
[SourceDate "2024.03.06"]
[SourceVersion "1"]
[SourceVersionDate "2024.03.06"]
[SourceQuality "1"]

1. d4 f5 2. g3 Nf6 3. Bg5 d5 4. Bxf6 exf6 5. Bg2 c6 6. Nf3 Bd6 7. 0-0 f4 8. c4 dxc4 9. Qc2 Be6 10. Nfd2 0-0 11. Nxc4 Bc7 12. Rd1 Nd7 13. d5 cxd5 14. Bxd5 Bxd5 15. Rxd5 Qe8 16. Qb3 Kh8 17. Qxb7 Qxe2 18. Rxd7 Rab8 19. Nc3 Qxc4 20. Qxc7 Qg8 21. Qxf4 Rxb2 22. Re1 Re8 23. Rxe8 Qxe8 24. Qe4 Qc8 25. Qe7 Rb1+ 26. Nxb1 Qc1+ 27. Kg2 Qc6+ 28. f3 Qc2+ 29. Nd2 Qg6 30. Rd8+ Qe8 1-0

[Event "Titled Tuesday intern op 13th Feb Late"]
[Site "Chess.com INT"]
[Date "2024.02.13"]
[Round "4"]
[White "Antoniou, Rafail"]
[Black "Troff, Kayden W"]
[Result "1/2-1/2"]
[WhiteElo "2036"]
[BlackElo "2487"]
[PlyCount "128"]
[EventDate "2024.02.13"]
[EventType "swiss (blitz)"]
[EventRounds "11"]
[EventCountry "USA"]
[SourceTitle "CB08_2024"]
[SourceDate "2024.02.21"]
[SourceVersion "1"]
[SourceVersionDate "2024.02.21"]
[SourceQuality "1"]

1. c4 Nf6 2. Nf3 g6 3. Nc3 Bg7 4. e4 e5 5. Nxe5 0-0 6. Nf3 Re8 7. d4 Nxe4 8. Be2 Nxc3 9. bxc3 d5 10. 0-0 Nc6 11. Bg5 Qd6 12. c5 Qd7 13. Qd2 Na5 14. Rfe1 Qa4 15. Rab1 Bf5 16. Bb5 Rxe1+ 17. Nxe1 Qa3 18. Nc2 Qxa2 19. Ra1 Qxc2 20. Qxc2 Bxc2 21. Rxa5 c6 22. Bf1 h6 23. Bf4 g5 24. Bd6 Bf8 25. Bc7 Re8 26. f3 a6 27. Ra2 Bf5 28. Rb2 Bc8 29. Kf2 Kg7 30. c4 dxc4 31. Bxc4 Be7 32. Re2 Kf8 33. Be5 Bd7 34. Rb2 Bxc5 35. Rxb7 Rxe5 36. Rxd7 Bb6 37. Rxf7+ Ke8 38. Rh7 Bxd4+ 39. Kg3 a5 40. Rxh6 Kd7 41. Rh7+ Kd6 42. Ba6 a4 43. Rh6+ Kc5 44. Bb7 Kb4 45. Rxc6 a3 46. Ra6 Rc5 47. Be4 Be5+ 48. Kh3 Bc7 49. Kg4 Bxh2 50. g3 Bg1 51. f4 gxf4 52. gxf4 Rc4 53. Bd5 Rd4 54. Bc6 Kb3 55. Kf3 Bh2 56. f5 Be5 57. Be4 a2 58. f6 Bxf6 59. Bf5 Be5 60. Be6+ Kb4 61. Rxa2 Kc5 62. Ra5+ Kd6 63. Rd5+ Kxe6 64. Rxd4 Bxd4 1/2-1/2

[Event "Titled Tuesday intern op 13th Feb Late"]
[Site "Chess.com INT"]
[Date "2024.02.13"]
[Round "10"]
[White "Derjabin, Ilja"]
[Black "Troff, Kayden W"]
[Result "0-1"]
[WhiteElo "2333"]
[BlackElo "2487"]
[PlyCount "50"]
[EventDate "2024.02.13"]
[EventType "swiss (blitz)"]
[EventRounds "11"]
[EventCountry "USA"]
[SourceTitle "CB08_2024"]
[SourceDate "2024.02.21"]
[SourceVersion "1"]
[SourceVersionDate "2024.02.21"]
[SourceQuality "1"]

1. d4 Nf6 2. c4 g6 3. Nc3 d5 4. Bg5 Ne4 5. Bh4 Nxc3 6. bxc3 dxc4 7. Nf3 Nd7 8. e4 Nb6 9. Be2 Bg7 10. 0-0 0-0 11. h3 Bd7 12. Rb1 Ba4 13. Qd2 Qd7 14. Qf4 Qd6 15. Qe3 Rad8 16. Rb4 a5 17. Rbb1 Qa3 18. Bg3 Rc8 19. Rfc1 Bc6 20. Nd2 e5 21. d5 Bd7 22. Bh4 f5 23. Bxc4 fxe4 24. Rb3 Qxc1+ 25. Kh2 Nxc4 0-1

[Event "Titled Tuesday intern op 13th Feb Late"]
[Site "Chess.com INT"]
[Date "2024.02.13"]
[Round "1"]
[White "Jegorovas, Aleksandras"]
[Black "Troff, Kayden W"]
[Result "0-1"]
[WhiteElo "2270"]
[BlackElo "2487"]
[PlyCount "62"]
[EventDate "2024.02.13"]
[EventType "swiss (blitz)"]
[EventRounds "11"]
[EventCountry "USA"]
[SourceTitle "CB08_2024"]
[SourceDate "2024.02.21"]
[SourceVersion "1"]
[SourceVersionDate "2024.02.21"]
[SourceQuality "1"]

1. d4 Nf6 2. c4 g6 3. Nc3 d5 4. cxd5 Nxd5 5. e4 Nxc3 6. bxc3 Bg7 7. Bc4 c5 8. Be3 Qa5 9. Kf1 0-0 10. Ne2 Nc6 11. h4 b5 12. Bd5 Bb7 13. h5 e6 14. Bxc6 Bxc6 15. Ng3 Rad8 16. hxg6 fxg6 17. Qg4 Qxc3 18. Qxe6+ Rf7 19. Rc1 Qd3+ 20. Kg1 Bd7 21. Qd5 cxd4 22. Bh6 Bxh6 23. Rxh6 Qd2 24. Rxh7 Qxc1+ 25. Kh2 Be8 26. Qe6 Qg5 27. Rh3 Qf6 28. Qg4 Bd7 29. Nf5 Bxf5 30. exf5 Qxf5 31. Qh4 Qf4+ 0-1

[Event "Titled Tuesday intern op 13th Feb Late"]
[Site "Chess.com INT"]
[Date "2024.02.13"]
[Round "3"]
[White "Morales Garcia, Sergio Joshafatt"]
[Black "Troff, Kayden W"]
[Result "1/2-1/2"]
[WhiteElo "2249"]
[BlackElo "2487"]
[PlyCount "145"]
[EventDate "2024.02.13"]
[EventType "swiss (blitz)"]
[EventRounds "11"]
[EventCountry "USA"]
[SourceTitle "CB08_2024"]
[SourceDate "2024.02.21"]
[SourceVersion "1"]
[SourceVersionDate "2024.02.21"]
[SourceQuality "1"]

1. d4 Nf6 2. c4 g6 3. Nc3 d5 4. Nf3 Bg7 5. e3 0-0 6. cxd5 Nxd5 7. Bc4 Nxc3 8. bxc3 c5 9. 0-0 Nd7 10. Qe2 Nb6 11. Bb3 Qc7 12. a4 Bf5 13. Ba3 c4 14. Bc2 Be6 15. e4 Rfe8 16. Ng5 Bd7 17. a5 Na4 18. Bb4 Nb2 19. e5 Nd3 20. Bxd3 cxd3 21. Qxd3 h6 22. Ne4 Rad8 23. Qe3 Bb5 24. Rfc1 f6 25. f4 Kh7 26. Ng3 f5 27. c4 Bd7 28. d5 e6 29. Qxa7 Rc8 30. Bd6 Qd8 31. Qb6 Qh4 32. Qxb7 Red8 33. dxe6 Bxe6 34. Qf3 Rxc4 35. Rxc4 Bxc4 36. a6 Rxd6 37. exd6 Bxa1 38. a7 Bd4+ 39. Kh1 Bxa7 40. Qb7+ Kg8 41. Qxa7 Qd8 42. Qc7 Qxc7 43. dxc7 Be6 44. Ne2 Kf7 45. Nd4 Bc8 46. g3 Ke7 47. Kg1 Kd6 48. Nb5+ Kc6 49. Nc3 Kxc7 50. Kf2 Kd6 51. Ke3 Kc5 52. Ne2 Be6 53. Nd4 Bd5 54. Ne2 Bc4 55. Nd4 Bd5 56. Ne2 Bg2 57. Nd4 Kd5 58. Nc2 Be4 59. Nb4+ Kc5 60. Na2 Kc4 61. Nc1 g5 62. Ne2 Kd5 63. fxg5 hxg5 64. h4 gxh4 65. gxh4 Ke5 66. Nc3 f4+ 67. Kf2 Bd3 68. Ne2 Bxe2 69. Kxe2 Ke4 70. h5 Kf5 71. Kf3 Kg5 72. h6 Kxh6 73. Kxf4 1/2-1/2

[Event "Titled Tuesday intern op 13th Feb Late"]
[Site "Chess.com INT"]
[Date "2024.02.13"]
[Round "8"]
[White "Troff, Kayden W"]
[Black "Budhidharma, Nayaka"]
[Result "0-1"]
[WhiteElo "2487"]
[BlackElo "2137"]
[PlyCount "118"]
[EventDate "2024.02.13"]
[EventType "swiss (blitz)"]
[EventRounds "11"]
[EventCountry "USA"]
[SourceTitle "CB08_2024"]
[SourceDate "2024.02.21"]
[SourceVersion "1"]
[SourceVersionDate "2024.02.21"]
[SourceQuality "1"]

1. d4 Nf6 2. Nf3 c5 3. dxc5 e6 4. Be3 Na6 5. g3 Bxc5 6. Bxc5 Nxc5 7. Bg2 Qb6 8. b3 Nce4 9. 0-0 0-0 10. c4 d5 11. Nbd2 Rd8 12. cxd5 exd5 13. e3 Bg4 14. h3 Nc3 15. Qe1 Bf5 16. Nd4 Bd3 17. N2f3 Rac8 18. g4 Nfe4 19. Nf5 Qf6 20. N3d4 g6 21. Nh6+ Kg7 22. f4 Bxf1 23. Bxf1 Kxh6 24. g5+ Nxg5 25. Qh4+ Kg7 26. fxg5 Qe5 27. Re1 Ne4 28. Nf3 Qg3+ 29. Qxg3 Nxg3 30. Bd3 Rc3 31. Bb1 Re8 32. Kf2 Ne4+ 33. Bxe4 Rxe4 34. h4 Rc2+ 35. Kg3 Rxa2 36. h5 gxh5 37. Nd4 Kg6 38. Kf3 h4 39. Rc1 h3 40. Rc8 h2 41. Rc1 Rh4 42. Rh1 Kxg5 43. Kg3 Rxd4 44. exd4 f5 45. Kh3 h5 46. b4 f4 47. b5 f3 48. Kg3 f2 49. Kf3 h4 50. Ke3 Kg4 51. b6 axb6 52. Rxh2 f1N+ 53. Kd3 Rxh2 54. Kc3 Re2 55. Kb4 Re4 56. Kb5 Rxd4 57. Kxb6 Rc4 58. Kb5 h3 59. Kb6 h2 0-1

[Event "Titled Tuesday intern op 06th Feb Late"]
[Site "Chess.com INT"]
[Date "2024.02.06"]
[Round "1"]
[White "Rangel, Daniel"]
[Black "Troff, Kayden W"]
[Result "0-1"]
[WhiteElo "2176"]
[BlackElo "2487"]
[PlyCount "82"]
[EventDate "2024.02.06"]
[EventType "swiss (blitz)"]
[EventRounds "11"]
[EventCountry "USA"]
[SourceTitle "CB07_2024"]
[SourceDate "2024.02.14"]
[SourceVersion "1"]
[SourceVersionDate "2024.02.14"]
[SourceQuality "1"]

1. c4 Nf6 2. g3 g6 3. Bg2 Bg7 4. e3 0-0 5. Ne2 d5 6. 0-0 dxc4 7. Na3 c6 8. Nxc4 Bf5 9. d4 Nbd7 10. b3 Nb6 11. a4 Be6 12. Qc2 Nfd5 13. a5 Nb4 14. Qc3 N6d5 15. Qd2 Na6 16. Ba3 Ndc7 17. Nf4 Bf5 18. e4 Bc8 19. Rad1 Nb5 20. Bb2 Bg4 21. Ne2 Bxe2 22. Qxe2 Nxd4 23. Bxd4 Bxd4 24. e5 Rb8 25. h4 c5 26. h5 b5 27. axb6 axb6 28. e6 f6 29. hxg6 hxg6 30. Ne5 fxe5 31. Qxa6 Qd6 32. Bh3 Rf3 33. Qe2 Rbf8 34. Qe4 Rxg3+ 35. Kh2 Rg5 36. f3 Rf4 37. Qc2 e4 38. Kh1 Rh4 39. Qh2 Qg3 40. fxe4 Qxh3 41. Rg1 Qxh2# 0-1

[Event "Titled Tuesday intern op 06th Feb Late"]
[Site "Chess.com INT"]
[Date "2024.02.06"]
[Round "11"]
[White "Troff, Kayden W"]
[Black "Erigaisi, Arjun Kumar"]
[Result "1-0"]
[WhiteElo "2487"]
[BlackElo "2738"]
[PlyCount "99"]
[EventDate "2024.02.06"]
[EventType "swiss (blitz)"]
[EventRounds "11"]
[EventCountry "USA"]
[SourceTitle "CB07_2024"]
[SourceDate "2024.02.14"]
[SourceVersion "1"]
[SourceVersionDate "2024.02.14"]
[SourceQuality "1"]

1. d4 d6 2. Nf3 g6 3. Bg5 Nf6 4. Bxf6 exf6 5. Nc3 Bg7 6. g3 0-0 7. Bg2 Re8 8. 0-0 Nd7 9. e3 f5 10. h4 Nf6 11. Ne2 c6 12. Rc1 Ng4 13. Nf4 h5 14. c4 Qa5 15. a3 Bd7 16. Qd2 Qc7 17. b4 Re7 18. b5 Rae8 19. bxc6 bxc6 20. Rb1 Nf6 21. Ng5 Bh6 22. Qb2 Bxg5 23. hxg5 Ne4 24. Bxe4 fxe4 25. d5 Re5 26. Qb7 Qd8 27. dxc6 Bc8 28. Qb8 Qxg5 29. Qxd6 h4 30. Kh2 Rd8 31. Qb4 Qh6 32. Kg2 Bg4 33. c7 Bf3+ 34. Kg1 Rc8 35. g4 Qg5 36. Qd6 Ree8 37. Rb8 h3 38. Kh2 Qxg4 39. Rg1 Bg2 40. Rxc8 Rxc8 41. Rb1 g5 42. Rb8 gxf4 43. Rxc8+ Kh7 44. Rh8+ Kxh8 45. Qd8+ Kh7 46. c8Q Qe2 47. Qh8+ Kg6 48. Qcg8+ Kf5 49. Qxf7+ Kg4 50. Qhh5# 1-0

[Event "Chessable Masters Play In"]
[Site "Chess.com INT"]
[Date "2024.01.31"]
[Round "6"]
[White "Nguyen, Ngoc Truong Son"]
[Black "Troff, Kayden W"]
[Result "1-0"]
[WhiteElo "2633"]
[BlackElo "2484"]
[PlyCount "125"]
[EventDate "2024.01.31"]
[EventType "swiss (rapid)"]
[EventRounds "9"]
[EventCountry "USA"]
[SourceTitle "CB06_2024"]
[SourceDate "2024.02.07"]
[SourceVersion "1"]
[SourceVersionDate "2024.02.07"]
[SourceQuality "1"]

1. d4 Nf6 2. c4 g6 3. Nc3 d5 4. h4 c6 5. cxd5 cxd5 6. Bg5 Bg7 7. e3 Nc6 8. Bd3 h6 9. Bxf6 Bxf6 10. h5 g5 11. Nge2 e6 12. 0-0 Bd7 13. Rc1 Be7 14. e4 Nb4 15. exd5 Nxd5 16. Nxd5 exd5 17. Ng3 Bd6 18. Qf3 Be6 19. Nf5 Bxf5 20. Qxf5 Kf8 21. g3 Kg7 22. Qxd5 Qf6 23. Rcd1 Rhe8 24. Qxb7 Rab8 25. Qc6 Be5 26. Qxf6+ Bxf6 27. b3 Bxd4 28. Bc4 Rbd8 29. Rd3 Bb6 30. Rfd1 Rxd3 31. Rxd3 Rd8 32. Rf3 f6 33. a4 Rd2 34. Rf5 Rc2 35. a5 Bd4 36. Kg2 Be5 37. Kh3 Ra2 38. f4 gxf4 39. gxf4 Bc3 40. a6 Ra5 41. Bb5 Bb4 42. Rd5 Kf7 43. f5 Be7 44. Be8+ Kxe8 45. Rxa5 Kd7 46. Rb5 Kc6 47. Rb7 Bc5 48. Kg4 Bb6 49. Kf4 Kb5 50. Rh7 Ba5 51. Ke4 Bd2 52. Rxa7 Bg5 53. Ra8 Kb6 54. b4 Bd2 55. b5 Bg5 56. Rb8+ Ka7 57. Rb7+ Ka8 58. Kd5 Bf4 59. Kc6 Bb8 60. Rh7 Be5 61. b6 Bb8 62. a7 Bxa7 63. Rxa7+ 1-0

[Event "Charlotte op"]
[Site "Charlotte"]
[Date "2024.01.15"]
[Round "6"]
[White "Brodsky, David"]
[Black "Troff, Kayden W"]
[Result "1-0"]
[WhiteElo "2492"]
[BlackElo "2484"]
[PlyCount "67"]
[EventDate "2024.01.05"]
[EventType "swiss"]
[EventRounds "6"]
[EventCountry "USA"]
[SourceTitle "CB04_2024"]
[SourceDate "2023.10.16"]
[SourceVersion "1"]
[SourceVersionDate "2023.10.16"]
[SourceQuality "1"]

1. e4 c5 2. Nf3 g6 3. d4 cxd4 4. Nxd4 Bg7 5. c4 Nc6 6. Be3 Qb6 7. Nb3 Qd8 8. Qd2 Nf6 9. Nc3 0-0 10. f3 d6 11. Be2 Be6 12. 0-0 Nd7 13. Rac1 a5 14. Na1 Nc5 15. Nc2 a4 16. Na3 Qa5 17. Nab5 Ne5 18. Nd5 Qxd2 19. Nxe7+ Kh8 20. Bxd2 Ncd3 21. Rc2 Bxc4 22. Nxd6 Ba6 23. f4 Nd7 24. e5 N3c5 25. Bxa6 Rxa6 26. Be3 b6 27. Rd1 f6 28. e6 Nxe6 29. Rc8 Bh6 30. Nf7+ Kg7 31. Nxh6 Ra7 32. Ng4 Rxc8 33. Nxc8 Rc7 34. Nxb6 1-0

[Event "Charlotte op"]
[Site "Charlotte"]
[Date "2024.01.15"]
[Round "5"]
[White "Sadorra, Julio Catalino"]
[Black "Troff, Kayden W"]
[Result "0-1"]
[WhiteElo "2554"]
[BlackElo "2484"]
[PlyCount "72"]
[EventDate "2024.01.05"]
[EventType "swiss"]
[EventRounds "6"]
[EventCountry "USA"]
[SourceTitle "CB04_2024"]
[SourceDate "2023.10.16"]
[SourceVersion "1"]
[SourceVersionDate "2023.10.16"]
[SourceQuality "1"]

1. d4 Nf6 2. c4 g6 3. Nc3 d5 4. cxd5 Nxd5 5. Bd2 Nb6 6. e3 Bg7 7. f4 0-0 8. Nf3 Be6 9. Be2 Bc4 10. Ne5 Bxe2 11. Qxe2 N8d7 12. 0-0-0 c5 13. Qf3 cxd4 14. exd4 Nf6 15. Qxb7 Qxd4 16. Nc6 Qc5 17. Nxe7+ Kh8 18. Rhe1 Ng4 19. Re4 Rfd8 20. Nc6 Rd7 21. Qxa8+ Nxa8 22. Re8+ Bf8 23. Nb8 Rd3 24. Na6 Qd6 25. Rxa8 Kg7 26. Rxa7 Nf2 27. Nc7 Qc6 28. Re1 Kh6 29. N7b5 f5 30. Rf7 Bb4 31. a3 Rxd2 32. Kxd2 Qd5+ 33. Ke2 Qd3+ 34. Kxf2 Bc5+ 35. Re3 Qxe3+ 36. Kf1 Qf2# 0-1

[Event "Charlotte op"]
[Site "Charlotte"]
[Date "2024.01.14"]
[Round "3"]
[White "Abrahamyan, Tatev"]
[Black "Troff, Kayden W"]
[Result "1/2-1/2"]
[WhiteElo "2311"]
[BlackElo "2484"]
[PlyCount "65"]
[EventDate "2024.01.05"]
[EventType "swiss"]
[EventRounds "6"]
[EventCountry "USA"]
[SourceTitle "CB04_2024"]
[SourceDate "2023.10.16"]
[SourceVersion "1"]
[SourceVersionDate "2023.10.16"]
[SourceQuality "1"]

1. e4 c5 2. Nf3 g6 3. d4 cxd4 4. Qxd4 Nf6 5. Nc3 Nc6 6. Qa4 d6 7. e5 dxe5 8. Nxe5 Bd7 9. Nxd7 Nxd7 10. Bb5 Bg7 11. 0-0 0-0 12. Rd1 Qc8 13. Nd5 Nb6 14. Bxc6 Nxa4 15. Nxe7+ Kh8 16. Nxc8 bxc6 17. Nd6 Rab8 18. Nc4 Nxb2 19. Bxb2 Bxb2 20. Rab1 Bf6 21. Kf1 Rb5 22. Rxb5 cxb5 23. Nd6 a6 24. Ne4 Be5 25. Rd7 Kg8 26. Re7 Bb2 27. Ra7 Rc8 28. Rxa6 Rxc2 29. Ra8+ Kg7 30. Rb8 Bd4 31. Rxb5 Rxa2 32. Rd5 Bb6 33. Rd7 1/2-1/2

[Event "Titled Tuesday intern op 26th Sep Late"]
[Site "Chess.com INT"]
[Date "2023.09.26"]
[Round "11"]
[White "Hommadov, Amanmuhammet"]
[Black "Troff, Kayden W"]
[Result "0-1"]
[WhiteElo "2070"]
[BlackElo "2483"]
[PlyCount "100"]
[EventDate "2023.09.26"]
[EventType "swiss (blitz)"]
[EventRounds "11"]
[EventCountry "USA"]
[SourceTitle "EXT 2024"]
[Source "ChessBase"]
[SourceDate "2023.10.10"]
[SourceVersion "1"]
[SourceVersionDate "2023.10.10"]
[SourceQuality "1"]

1. e4 c5 2. Nf3 g6 3. c3 Bg7 4. d4 cxd4 5. cxd4 d5 6. Bb5+ Bd7 7. Bxd7+ Qxd7 8. exd5 Nf6 9. Nc3 Nxd5 10. 0-0 Nc6 11. Qb3 Nb6 12. d5 Ne5 13. Nxe5 Bxe5 14. Re1 Bg7 15. Bg5 0-0 16. Rxe7 Qf5 17. Bd2 Bd4 18. Rf1 Rac8 19. Nb5 Bc5 20. Rxb7 Rfe8 21. d6 Re2 22. Be3 Bxe3 23. fxe3 Rxg2+ 24. Kxg2 Rc2+ 25. Qxc2 Qxc2+ 26. Kg1 Qc6 27. Rfxf7 Qxb5 28. Rg7+ Kh8 29. Rxh7+ Kg8 30. Rhg7+ Kh8 31. Rh7+ Kg8 32. Rbg7+ Kf8 33. Rf7+ Kg8 34. Rhg7+ Kh8 35. Rxg6 Qxb2 36. Rh6+ Kg8 37. Rhh7 Qc1+ 38. Kg2 Qd2+ 39. Kg1 Qxe3+ 40. Kf1 Qd3+ 41. Kg1 Qd4+ 42. Kh1 Qd5+ 43. Kg1 Qd4+ 44. Kh1 Qd5+ 45. Kg1 Qxf7 46. d7 Qg6+ 47. Kh1 Nxd7 48. Rxd7 Qc6+ 49. Kg1 Qxd7 50. Kf2 Qf7+ 0-1